000 01301nam a22003137a 4500
005 20240530110517.0
008 160207s2012 ua a g 000 0 ara d
017 _a2011/10055
_bمصر . دار الكتب المصرية
020 _a9771027107
040 _aEG-CaGPL
082 0 4 _221
_a001.5\
_bع ت
100 0 _aعبدالتواب مصطفى .
245 1 2 _aالتوثيق الاعلامى فى الصحافة - الاذاعة - وكالات الانباء /
_cتاليف عبدالتواب مصطفى ( واخ ... ) .
250 _aط1.
260 _aالقاهرة :
_bدار الفكر العربى ،
_c2012 .
300 _a203 ص ؛
_c24 سم .
490 0 _aالاعلام فى القرن الحادى و العشرين ؛ الكتاب الثالث .
504 _aيشتمل على ارجاعات ببليوجرافية
650 0 4 _aالتوثيق الاعلامى .
650 0 4 _aالصحافة
_xتوثيق .
650 0 4 _aوكالات الانباء .
650 0 4 _aالاذاعة .
650 0 4 _aالصحافة .
700 0 _aامل خطاب
_eمؤلف مشارك .
700 0 _aحسام الهامى
_eمؤلف مشارك .
700 0 _aطلعت غنيم حسن
_eمؤلف مشارك .
942 _2ddc
_cBK
999 _c61804
_d61804